[Event "Hull 4NCL International"]
[Site "Hull"]
[Date "2021.10.23"]
[Round "3.10"]
[White "Usifoh, Kristian C"]
[Black "Whitfield, Craig M"]
[Result "0-1"]
[WhiteElo "2050"]
[BlackElo "2298"]
[PlyCount "0"]
[EventDate "2021.10.22"]

1. c4 {[%clk 01:31:00]} {[%emt 01:13:05]} c6 {[%clk 01:29:34]} {[%emt
00:01:27]} 2. g3 {[%clk 01:30:15]} {[%emt 00:01:14]} d5 {[%clk 01:29:59]}
{[%emt 00:00:05]} 3. Bg2 {[%clk 01:28:40]} {[%emt 00:02:05]} Nf6 {[%clk
01:27:07]} {[%emt 00:03:23]} 4. Nf3 {[%clk 01:27:08]} {[%emt 00:02:01]} dxc4
{[%clk 01:27:30]} {[%emt 00:00:07]} 5. O-O {[%clk 01:27:05]} {[%emt 00:00:32]}
Be6 {[%clk 01:19:14]} {[%emt 00:08:46]} 6. Na3 {[%clk 01:23:19]} {[%emt
00:04:16]} Nbd7 {[%clk 01:19:05]} {[%emt 00:00:40]} 7. Ng5 {[%clk 01:22:24]}
{[%emt 00:01:24]} Bf5 {[%clk 01:18:23]} {[%emt 00:01:12]} 8. Nxc4 {[%clk
01:21:51]} {[%emt 00:01:03]} e6 {[%clk 01:18:42]} {[%emt 00:00:11]} 9. d3
{[%clk 01:20:35]} {[%emt 00:01:39]} Be7 {[%clk 01:18:37]} {[%emt 00:00:42]} 10.
Bd2 {[%clk 01:18:09]} {[%emt 00:02:56]} O-O {[%clk 01:17:23]} {[%emt 00:01:44]}
11. b4 {[%clk 01:14:39]} {[%emt 00:03:54]} Bg6 {[%clk 01:07:13]} {[%emt
00:10:46]} 12. Nf3 {[%clk 01:12:05]} {[%emt 00:03:04]} Re8 {[%clk 01:05:38]}
{[%emt 00:02:06]} 13. Nh4 {[%clk 01:08:02]} {[%emt 00:04:26]} Bh5 {[%clk
01:05:12]} {[%emt 00:01:02]} 14. Nf3 {[%clk 01:07:42]} {[%emt 00:00:32]} Bf8
{[%clk 01:02:25]} {[%emt 00:03:35]} 15. a4 {[%clk 01:06:23]} {[%emt 00:01:44]}
e5 {[%clk 01:00:33]} {[%emt 00:02:27]} 16. Ng5 {[%clk 00:53:40]} {[%emt
00:13:01]} h6 {[%clk 01:00:35]} {[%emt 00:00:41]} 17. Ne4 {[%clk 00:53:58]}
{[%emt 00:00:11]} Nxe4 {[%clk 01:00:57]} {[%emt 00:00:09]} 18. dxe4 {[%clk
00:54:06]} {[%emt 00:00:22]} Qc7 {[%clk 00:51:47]} {[%emt 00:09:40]} 19. Ne3
{[%clk 00:53:17]} {[%emt 00:01:04]} Rad8 {[%clk 00:51:11]} {[%emt 00:01:21]} 20.
g4 {[%clk 00:52:49]} {[%emt 00:00:58]} Bg6 {[%clk 00:51:35]} {[%emt 00:00:07]}
21. Qc2 {[%clk 00:52:28]} {[%emt 00:00:42]} Nf6 {[%clk 00:47:56]} {[%emt
00:04:17]} 22. Bc3 {[%clk 00:43:12]} {[%emt 00:09:46]} Qc8 {[%clk 00:46:26]}
{[%emt 00:02:01]} 23. h3 {[%clk 00:42:42]} {[%emt 00:01:00]} Nd5 {[%clk
00:45:55]} {[%emt 00:01:01]} 24. Nxd5 {[%clk 00:39:10]} {[%emt 00:03:57]} cxd5
{[%clk 00:46:16]} {[%emt 00:00:14]} 25. Qb2 {[%clk 00:38:44]} {[%emt 00:00:56]}
d4 {[%clk 00:44:54]} {[%emt 00:01:53]} 26. Bd2 {[%clk 00:39:01]} {[%emt
00:00:02]} Qc4 {[%clk 00:35:51]} {[%emt 00:09:43]} 27. Bf3 {[%clk 00:37:26]}
{[%emt 00:02:05]} Rc8 {[%clk 00:26:34]} {[%emt 00:09:47]} 28. Rfc1 {[%clk
00:37:12]} {[%emt 00:00:44]} Qe6 {[%clk 00:25:45]} {[%emt 00:01:20]} 29. b5
{[%clk 00:33:42]} {[%emt 00:03:54]} b6 {[%clk 00:21:26]} {[%emt 00:04:56]} 30.
a5 {[%clk 00:33:09]} {[%emt 00:01:00]} Rxc1+ {[%clk 00:19:52]} {[%emt
00:02:07]} 31. Rxc1 {[%clk 00:31:45]} {[%emt 00:01:54]} Rc8 {[%clk 00:19:43]}
{[%emt 00:00:39]} 32. axb6 {[%clk 00:30:03]} {[%emt 00:01:54]} axb6 {[%clk
00:19:58]} {[%emt 00:00:33]} 33. Rxc8 {[%clk 00:28:30]} {[%emt 00:01:58]} Qxc8
{[%clk 00:20:28]} 34. Bb4 {[%clk 00:27:41]} {[%emt 00:01:19]} f6 {[%clk
00:18:58]} {[%emt 00:02:04]} 35. Bxf8 {[%clk 00:24:51]} {[%emt 00:03:08]} Qxf8
{[%clk 00:18:56]} {[%emt 00:00:44]} 36. Qc2 {[%clk 00:24:59]} {[%emt 00:00:20]}
Be8 {[%clk 00:17:18]} {[%emt 00:02:10]} 37. Qc7 {[%clk 00:25:06]} {[%emt
00:00:21]} Qc5 {[%clk 00:14:51]} {[%emt 00:02:59]} 38. Qd8 {[%clk 00:24:52]}
{[%emt 00:00:43]} Qxb5 {[%clk 00:13:26]} {[%emt 00:01:55]} 39. g5 {[%clk
00:24:55]} {[%emt 00:00:06]} Qd7 {[%clk 00:13:56]} 40. Qb8 {[%clk 00:24:37]}
{[%emt 00:00:54]} hxg5 {[%clk 00:13:34]} {[%emt 00:01:08]} 41. Bh5 {[%clk
00:19:47]} {[%emt 00:02:09]} Kf8 {[%clk 00:13:57]} {[%emt 00:03:17]} 42. Bxe8
{[%clk 00:19:36]} {[%emt 00:00:10]} Qxe8 {[%clk 00:14:24]} {[%emt 00:00:34]} 43.
Qxb6 {[%clk 00:19:58]} {[%emt 00:00:09]} Qd7 {[%clk 00:13:25]} {[%emt
00:01:27]} 44. Qb4+ {[%clk 00:19:56]} {[%emt 00:00:16]} Kg8 {[%clk 00:11:59]}
{[%emt 00:02:09]} 45. Qb3+ {[%clk 00:20:17]} {[%emt 00:00:12]} Kh7 {[%clk
00:11:54]} {[%emt 00:00:37]} 46. Qf3 {[%clk 00:20:28]} {[%emt 00:00:11]} Qf7
{[%clk 00:12:24]} 47. Qg4 {[%clk 00:19:39]} {[%emt 00:01:17]} Kh6 {[%clk
00:12:43]} {[%emt 00:00:21]} 48. Kg2 {[%clk 00:19:12]} {[%emt 00:00:46]} Qh5
{[%clk 00:12:52]} {[%emt 00:00:31]} 49. Qc8 {[%clk 00:17:15]} {[%emt 00:02:17]}
Qxe2 {[%clk 00:12:30]} {[%emt 00:01:02]} 50. Qh8+ {[%clk 00:14:23]} {[%emt
00:03:15]} Kg6 {[%clk 00:12:58]} {[%emt 00:00:10]} 51. Kg3 {[%clk 00:14:06]}
{[%emt 00:00:34]} Qxe4 {[%clk 00:12:14]} {[%emt 00:01:27]} 52. Qe8+ {[%clk
00:11:55]} {[%emt 00:00:10]} Kh6 {[%clk 00:12:39]} {[%emt 00:02:37]} 53. Qh8+
{[%clk 00:11:19]} {[%emt 00:00:52]} Qh7 {[%clk 00:13:07]} {[%emt 00:00:16]} 54.
Qe8 {[%clk 00:11:27]} {[%emt 00:00:14]} d3 {[%clk 00:11:15]} {[%emt 00:02:30]}
55. h4 {[%clk 00:09:54]} {[%emt 00:01:47]} gxh4+ {[%clk 00:11:14]} {[%emt
00:00:46]} 56. Kxh4 {[%clk 00:09:55]} {[%emt 00:00:28]} Qe4+ {[%clk 00:11:35]}
{[%emt 00:00:10]} 57. Kg3 {[%clk 00:09:59]} {[%emt 00:00:20]} Qg6+ {[%clk
00:12:01]} {[%emt 00:00:09]}  0-1

[Event "Hull 4NCL International"]
[Site "Hull"]
[Date "2021.10.23"]
[Round "3.11"]
[White "Fathallah, Joe"]
[Black "Andal, Edmond"]
[Result "0-1"]
[WhiteElo "1998"]
[BlackElo "2230"]
[PlyCount "124"]
[EventDate "2021.10.22"]

1. d4 e6 2. c4 f5 3. Nf3 Nf6 4. g3 b6 5. Bg2 Bb7 6. O-O Bd6 7. Nc3 Bb4 8. Qd2
O-O 9. b3 Bxc3 10. Qxc3 Ne4 11. Qc2 Nc6 12. Bb2 d6 13. a3 Qe7 14. d5 Nd8 15.
dxe6 Nxe6 16. e3 c5 17. Rfd1 Rad8 18. b4 a5 19. bxa5 bxa5 20. Bc3 Qc7 21. Rab1
Bc6 22. Ba1 Qd7 23. Ne5 Ba4 24. Nxd7 Bxc2 25. Nxf8 Kxf8 26. Bxe4 fxe4 27. Rdc1
Bxb1 28. Rxb1 d5 29. cxd5 Rxd5 30. Bc3 a4 31. Rb8+ Ke7 32. Rb7+ Rd7 33. Rxd7+
Kxd7 34. f3 exf3 35. Kf2 Kd6 36. Kxf3 Kd5 37. e4+ Kc4 38. Ba1 Kd3 39. e5 g6 40.
h4 c4 41. g4 c3 42. h5 Kd4 43. h6 Kd3 44. Kf2 Nd4 45. Kg3 c2 46. Bb2 Ke4 47.
Kf2 Kd5 48. Ke3 Nb3 49. Kd3 c1=Q 50. Bxc1 Nxc1+ 51. Kc3 Nb3 52. e6 Kxe6 53. Kb4
Kd5 54. Kxa4 Kc4 55. g5 Nc5+ 56. Ka5 Ne6 57. a4 Kc5 58. Ka6 Nxg5 59. a5 Kc6 60.
Ka7 Ne6 61. a6 g5 62. Ka8 g4 0-1

[Event "Hull 4NCL International"]
[Site "Hull"]
[Date "2021.10.23"]
[Round "3.12"]
[White "Culkin, Shaun J"]
[Black "Boswell, Jacob Connor"]
[Result "0-1"]
[WhiteElo "1983"]
[BlackElo "2191"]
[PlyCount "116"]
[EventDate "2021.10.22"]

1. d4 Nf6 2. Nf3 d5 3. Bg5 e6 4. e3 Be7 5. Nbd2 O-O 6. Bd3 Nbd7 7. O-O c5 8. c3
Re8 9. Ne5 Nxe5 10. dxe5 Nd7 11. Bxe7 Qxe7 12. f4 f5 13. Qf3 Nf8 14. c4 Rd8 15.
Rad1 b5 16. cxd5 exd5 17. b3 Rb8 18. Qh3 g6 19. Be2 c4 20. Nf3 Ne6 21. Nd4 Nxd4
22. exd4 Be6 23. Qe3 Qa3 24. Ra1 a5 25. Kf2 Qe7 26. Rfc1 Rb7 27. g3 Rdb8 28. a4
cxb3 29. Qxb3 bxa4 30. Qxa4 g5 31. Qa3 Rb4 32. Rc5 gxf4 33. Rg1 f3 34. Bxf3 Qg5
35. Qc1 Rb2+ 36. Rc2 Rxc2+ 37. Qxc2 a4 38. h4 Qh6 39. Ra1 Rb3 40. Qc1 Qxc1 41.
Rxc1 Rd3 42. Rc6 Kf7 43. Rc7+ Kf8 44. Rxh7 Rxd4 45. Ra7 Rb4 46. h5 d4 47. h6
Kg8 48. Bh5 Rb2+ 49. Kg1 Rb4 50. Kh2 Bd5 51. g4 f4 52. Bf7+ Bxf7 53. h7+ Kxh7
54. Rxf7+ Kg6 55. Rxf4 a3 56. Rf6+ Kg7 57. Ra6 d3 58. Ra7+ Kf8 0-1

[Event "Hull 4NCL International"]
[Site "Hull"]
[Date "2021.10.23"]
[Round "3.13"]
[White "Agnew, Alan"]
[Black "Chauhan, Pranay"]
[Result "1/2-1/2"]
[WhiteElo "2185"]
[BlackElo "2018"]
[PlyCount "53"]
[EventDate "2021.10.22"]

1. d4 d5 2. c4 c6 3. Nf3 Nf6 4. Qc2 g6 5. Bf4 Bg7 6. e3 O-O 7. Nc3 Nbd7 8. h3
Qa5 9. a3 dxc4 10. Bxc4 c5 11. O-O a6 12. Bd3 cxd4 13. exd4 b5 14. b4 Qb6 15.
a4 Bb7 16. axb5 Bxf3 17. gxf3 Qxd4 18. Ne2 Qd5 19. bxa6 Qxf3 20. Rac1 Qxh3 21.
Bg3 e5 22. b5 h5 23. Be4 Nxe4 24. Qxe4 Nf6 25. Qh4 Qf5 26. Qc4 Qe4 27. Rfd1
1/2-1/2

[Event "Hull 4NCL International"]
[Site "Hull"]
[Date "2021.10.23"]
[Round "3.14"]
[White "Milson, Samuel A"]
[Black "Verma, Shlok"]
[Result "1-0"]
[WhiteElo "2138"]
[BlackElo "2005"]
[PlyCount "61"]
[EventDate "2021.10.22"]

1. e4 e6 2. d4 d5 3. Nc3 Nf6 4. e5 Nfd7 5. f4 c5 6. Nf3 Nc6 7. Ne2 a6 8. c3 b5
9. a3 Be7 10. g3 O-O 11. Bh3 Nb6 12. O-O a5 13. Kh1 a4 14. g4 f6 15. exf6 Rxf6
16. g5 Rf8 17. Ng3 Na5 18. Qe2 Kh8 19. Bxe6 Ba6 20. Ne5 b4 21. Ng6+ hxg6 22.
Qg4 Bxg5 23. fxg5 Rxf1+ 24. Nxf1 Qg8 25. Bxg8 Kxg8 26. Qe6+ Kh7 27. Bf4 Nb3 28.
Re1 Bxf1 29. Rxf1 Nc4 30. Rf3 bxa3 31. Rh3# 1-0

[Event "Hull 4NCL International"]
[Site "Hull"]
[Date "2021.10.23"]
[Round "3.15"]
[White "Bedi, Adam"]
[Black "Maycock, David Henry"]
[Result "0-1"]
[WhiteElo "1930"]
[BlackElo "2133"]
[PlyCount "90"]
[EventDate "2021.10.22"]

1. d4 Nf6 2. c4 e6 3. g3 d5 4. Nf3 dxc4 5. Bg2 a6 6. a4 Nc6 7. O-O Rb8 8. e3 b5
9. axb5 axb5 10. b3 cxb3 11. Qxb3 Bd6 12. e4 Nxe4 13. Qc2 Nxg3 14. fxg3 Bb7 15.
Be3 Nb4 16. Qd2 Nd5 17. Bf2 b4 18. Qb2 O-O 19. Nbd2 Nc3 20. Nb3 f6 21. Be1 Bd5
22. Nfd2 Bxg2 23. Kxg2 e5 24. Nf3 e4 25. Nh4 Nd5 26. Qe2 Qe8 27. Nf5 g6 28.
Nxd6 cxd6 29. Ra6 Qe6 30. Nc5 Qe7 31. Nb3 f5 32. Kg1 Qe6 33. Nc5 Qe7 34. Qc4
Qf7 35. Rxd6 Ne3 36. Qxf7+ Rxf7 37. Rf2 b3 38. Na4 Nc4 39. Rc6 b2 40. Nxb2 Nxb2
41. Rfc2 Nd3 42. Bd2 e3 43. Rc8+ Rf8 44. Rxf8+ Kxf8 45. Bxe3 Rb1+ 0-1

[Event "Hull 4NCL International"]
[Site "Hull"]
[Date "2021.10.23"]
[Round "3.16"]
[White "Varley, Joe"]
[Black "Ireland, David J"]
[Result "0-1"]
[WhiteElo "1905"]
[BlackElo "2094"]
[PlyCount "154"]
[EventDate "2021.10.22"]

1. e4 c5 2. Nf3 d6 3. d4 cxd4 4. Nxd4 Nf6 5. Nc3 g6 6. Be3 Bg7 7. f3 Nc6 8. Qd2
O-O 9. Bc4 Bd7 10. O-O-O Rb8 11. g4 b5 12. Ndxb5 Ne5 13. Be2 Bxb5 14. Nxb5 Nxf3
15. Bxf3 Rxb5 16. Bd4 Nd7 17. Bxg7 Kxg7 18. h4 h6 19. Kb1 Ne5 20. Be2 Rb7 21.
Rhf1 Qb6 22. c4 Rfb8 23. b3 a5 24. Ka1 a4 25. Rb1 Nc6 26. Rfd1 axb3 27. Rxb3
Qf2 28. Qb2+ Qf6 29. Rdd3 Qxb2+ 30. Kxb2 g5 31. h5 Kf6 32. Rf3+ Ke6 33. Kc3 f6
34. Rf1 Kd7 35. Rfb1 Kc7 36. Rb5 Ra7 37. R1b2 Rba8 38. c5 Ra3+ 39. R2b3 dxc5
40. Rxc5 Kd6 41. Rd5+ Ke6 42. Bc4 Ne5 43. Rxa3 Rxa3+ 44. Bb3 f5 45. exf5+ Kf6
46. Rd4 Ra7 47. a4 Rc7+ 48. Kb2 Rc5 49. Ka3 Rc1 50. Bd1 Rc7 51. a5 Rc1 52. Ka4
Nc6 53. Rd5 Ra1+ 54. Kb5 Nxa5 55. Bf3 Nb7 56. Rd3 Nd6+ 57. Kc6 Nf7 58. Re3 Ne5+
59. Kc7 Ra4 60. Bd1 Rd4 61. Be2 Nxg4 62. Re6+ Kxf5 63. Rxe7 Nf6 64. Rg7 Rd2 65.
Bb5 Nxh5 66. Rh7 Kg6 67. Re7 Nf6 68. Re1 h5 69. Be2 g4 70. Bf1 h4 71. Ra1 h3
72. Ba6 Kg5 73. Bc8 Rc2+ 74. Kb7 Rxc8 75. Kxc8 h2 76. Ra5+ Kh4 77. Ra1 g3 0-1

[Event "Hull 4NCL International"]
[Site "Hull"]
[Date "2021.10.23"]
[Round "3.17"]
[White "Edwards-Wright, Miles D"]
[Black "Turner, Lewis A"]
[Result "1/2-1/2"]
[WhiteElo "2091"]
[BlackElo "1934"]
[PlyCount "88"]
[EventDate "2021.10.22"]

1. b3 d5 2. Bb2 Bf5 3. e3 e6 4. f4 Nf6 5. Nf3 h6 6. Nc3 Be7 7. g3 c5 8. d4 Nc6
9. Bb5 O-O 10. Bxc6 bxc6 11. Ne5 Qc7 12. Qe2 cxd4 13. exd4 c5 14. O-O-O cxd4
15. Nb5 Qb7 16. Nxd4 Be4 17. Rhg1 Rfc8 18. Nd3 a5 19. a4 Bxd3 20. Rxd3 Ne4 21.
Kb1 Bb4 22. Nb5 Ra6 23. Rc1 Rac6 24. Qg4 f5 25. Qe2 Qe7 26. Qe3 Bc5 27. Qe1 Bb4
28. Qe3 Qf7 29. Qe2 Qb7 30. Qe3 Bc5 31. Qe1 Qb6 32. Nd4 R6c7 33. Nb5 Rb7 34.
Ka2 Bb4 35. Qe2 Be7 36. Bd4 Qa6 37. Re3 Bb4 38. c3 Be7 39. Kb2 Rc6 40. Qd3 Qa8
41. c4 dxc4 42. Rxc4 Qe8 43. Ka2 Bb4 44. Qc2 Rxc4 1/2-1/2

[Event "Hull 4NCL International"]
[Site "Hull"]
[Date "2021.10.23"]
[Round "3.18"]
[White "Southcott-Moyers, Indy"]
[Black "Gardiner, Eric D"]
[Result "1/2-1/2"]
[WhiteElo "1751"]
[BlackElo "2091"]
[PlyCount "51"]
[EventDate "2021.10.22"]

1. d4 d5 2. Nf3 Nf6 3. Bf4 c5 4. e3 Nc6 5. Nbd2 Qb6 6. dxc5 Qxb2 7. Rb1 Qc3 8.
Bb5 e6 9. O-O Be7 10. Nd4 Bd7 11. N2b3 Nxd4 12. Bxd7+ Nxd7 13. exd4 b6 14. cxb6
axb6 15. Qd3 Qxd3 16. cxd3 Ba3 17. Bc1 Ke7 18. Bxa3+ Rxa3 19. Rb2 Rha8 20. Ra1
R8a4 21. Kf1 Kd6 22. Ke2 Ra6 23. Nc1 R6a4 24. Nb3 Ra6 25. Nc1 R6a4 26. Nb3
1/2-1/2

[Event "Hull 4NCL International"]
[Site "Hull"]
[Date "2021.10.23"]
[Round "3.19"]
[White "Chan, Sheng Liang Bernard"]
[Black "Gillespie, Gary D"]
[Result "1-0"]
[WhiteElo "2078"]
[BlackElo "1895"]
[PlyCount "103"]
[EventDate "2021.10.22"]

1. d4 d5 2. c4 e6 3. Nc3 Nf6 4. Nf3 Be7 5. Bg5 h6 6. Bh4 O-O 7. e3 Ne4 8. Bxe7
Qxe7 9. cxd5 Nxc3 10. bxc3 exd5 11. Qb3 Rd8 12. Bd3 b6 13. O-O Bb7 14. Ne5 Nd7
15. Nxd7 Qxd7 16. a4 a5 17. Rfc1 Rac8 18. Qb1 Qd6 19. Bh7+ Kf8 20. Bf5 Rb8 21.
Bg4 Kg8 22. Bf3 Ba6 23. Qc2 Bc4 24. Be2 Bxe2 25. Qxe2 c5 26. g3 Qd7 27. Rcb1
cxd4 28. cxd4 Rdc8 29. Rb5 Rc4 30. Qb2 Rbc8 31. Rxb6 Rxa4 32. Rb1 Rac4 33. Qb5
Qh3 34. Rb8 Rxb8 35. Qxb8+ Qc8 36. Rb5 Qxb8 37. Rxb8+ Kh7 38. Rb5 Rc7 39. Rxd5
Ra7 40. Rc5 a4 41. Rc2 a3 42. Ra2 Ra4 43. Kf1 g5 44. Ke2 f5 45. Kd3 Kg6 46. Kc3
f4 47. Kb3 Ra8 48. Rxa3 Re8 49. Kc4 fxg3 50. fxg3 h5 51. Kd3 Kf5 52. h3 1-0

[Event "Hull 4NCL International"]
[Site "Hull"]
[Date "2021.10.23"]
[Round "3.20"]
[White "Collinson, Mark I"]
[Black "Lv, Jason"]
[Result "1-0"]
[WhiteElo "2073"]
[BlackElo "1945"]
[PlyCount "47"]
[EventDate "2021.10.22"]

1. d4 d5 2. Nf3 Nf6 3. g3 e6 4. Bg2 c5 5. c4 Nc6 6. cxd5 Nxd5 7. O-O Be7 8. e4
Nf6 9. e5 Nd5 10. Re1 Qb6 11. Nc3 cxd4 12. Na4 Qc7 13. Nxd4 Nxd4 14. Qxd4 Bd7
15. Bxd5 exd5 16. e6 Bxe6 17. Qxg7 Kd7 18. Bf4 Qa5 19. Nc3 Rag8 20. Qe5 Re8 21.
Nxd5 Bxd5 22. Red1 Bc5 23. Qxd5+ Ke7 24. Qe5+ 1-0

[Event "Hull 4NCL International"]
[Site "Hull"]
[Date "2021.10.23"]
[Round "3.22"]
[White "Johnson, Paul A"]
[Black "Zhu, Yaoyao"]
[Result "1-0"]
[WhiteElo "1851"]
[BlackElo "1998"]
[PlyCount "63"]
[EventDate "2021.10.22"]

1. d4 d5 2. Nf3 e6 3. Bf4 Nf6 4. e3 Be7 5. c3 O-O 6. Nbd2 c5 7. Bd3 Nc6 8. Ne5
Re8 9. Bg3 Nxe5 10. dxe5 Nd7 11. h4 Nf8 12. h5 Bd7 13. Qe2 b5 14. f4 Bc6 15.
Nf3 b4 16. c4 Qb6 17. b3 Red8 18. O-O Rd7 19. Rad1 dxc4 20. Bxc4 Rad8 21. Rxd7
Rxd7 22. Rd1 Rxd1+ 23. Qxd1 Qc7 24. Qe2 Bd5 25. Nd2 Nd7 26. e4 Bxc4 27. Nxc4
Nb6 28. Nd6 Qc6 29. f5 exf5 30. exf5 Nc8 31. Qd3 f6 32. Qc4+ 1-0

[Event "Hull 4NCL International"]
[Site "Hull"]
[Date "2021.10.23"]
[Round "3.23"]
[White "Pattni, Kishan"]
[Black "Jukes, Sam"]
[Result "0-1"]
[WhiteElo "1743"]
[BlackElo "1973"]
[PlyCount "0"]
[EventDate "2021.10.22"]

1. e4 c5 2. b4 cxb4 3. d4 d5 4. e5 e6 5. a3 Nc6 6. axb4 Bxb4+ 7. c3 Bf8 8. Bd3
Nge7 9. g4 Bd7 10. Na3 a6 11. Ne2 Ng6 12. Ng3 Rc8 13. f4 Qh4 14. f5 Ngxe5 15.
dxe5 Nxe5 16. fxe6 fxe6 17. Be2 Rxc3 18. Bf4 Ng6 19. Nb1 Bb4 20. Nxc3 Bxc3+ 21.
Bd2 Bxa1 22. Qxa1 O-O 23. Qd4 Bc6 0-1

[Event "Hull 4NCL International"]
[Site "Hull"]
[Date "2021.10.23"]
[Round "3.24"]
[White "Sheppard, Derek A"]
[Black "Prince, Alan R"]
[Result "0-1"]
[WhiteElo "1710"]
[BlackElo "1773"]
[PlyCount "76"]
[EventDate "2021.10.22"]

1. d4 Nf6 2. Nf3 g6 3. b4 Bg7 4. Bb2 d6 5. Nbd2 Nbd7 6. Rb1 O-O 7. e3 Re8 8.
Nc4 Nb6 9. Na5 Rb8 10. Bd3 Bg4 11. h3 Bd7 12. O-O c6 13. c4 Qc7 14. Qc2 Rbd8
15. Rfd1 e5 16. dxe5 dxe5 17. Be2 Bf5 18. Qb3 Bxb1 19. Rxb1 Nbd7 20. c5 e4 21.
Nd4 Nxc5 22. bxc5 Qxa5 23. Qxb7 Rb8 24. Qxc6 Qxa2 25. Ra1 Qxb2 26. Rxa7 Rec8
27. Qd6 Rb7 28. Rxb7 Qxb7 29. Ba6 Qb1+ 30. Kh2 Ra8 31. Nc6 Ne8 32. Ne7+ Kh8 33.
Qc6 Qb8+ 34. g3 Qd8 35. Nd5 Rxa6 36. Qxa6 Qxd5 37. Qc8 Qe6 38. Qa8 Be5 0-1

[Event "Hull 4NCL International"]
[Site "Hull"]
[Date "2021.10.23"]
[Round "3.25"]
[White "Hilton, Tim"]
[Black "Pal, Rohan"]
[Result "0-1"]
[WhiteElo "2027"]
[BlackElo "1805"]
[PlyCount "21"]
[EventDate "2021.10.22"]

1. c4 c5 2. Nc3 Nc6 3. g3 g6 4. Bg2 Bg7 5. e4 d6 6. Nge2 e5 7. d3 Nge7 8. O-O
O-O 9. Be3 f5 10. Qd2 Be6 11. Nd5 {Unable to read both scoresheets.} 0-1

[Event "Hull 4NCL International"]
[Site "Hull"]
[Date "2021.10.23"]
[Round "3.26"]
[White "Hall, David G"]
[Black "Mollison, Jamie"]
[Result "1/2-1/2"]
[WhiteElo "1833"]
[BlackElo "1998"]
[PlyCount "57"]
[EventDate "2021.10.22"]

1. d4 e6 2. c4 Nf6 3. Nf3 b6 4. g3 Bb7 5. Bg2 Bb4+ 6. Bd2 Be7 7. O-O O-O 8. Nc3
Ne4 9. Qc2 Nxd2 10. Nxd2 Bxg2 11. Kxg2 f5 12. e4 Nc6 13. Nf3 Rc8 14. Rad1 Qe8
15. d5 Nb4 16. Qe2 exd5 17. cxd5 fxe4 18. Qxe4 Bd6 19. a3 Qxe4 20. Nxe4 Na6 21.
Nxd6 cxd6 22. Rfe1 Nc5 23. Re7 Rf7 24. Rxf7 Kxf7 25. Nd4 Nb7 26. Rd2 Rc5 27.
Nb3 Rc4 28. Nd4 Rc5 29. Nb3 1/2-1/2

[Event "Hull 4NCL International"]
[Site "Hull"]
[Date "2021.10.23"]
[Round "3.27"]
[White "Gostelow, David W"]
[Black "Mize, Dylan"]
[Result "1-0"]
[WhiteElo "1972"]
[BlackElo "1831"]
[PlyCount "65"]
[EventDate "2021.10.22"]

1. d4 d5 2. Bf4 c5 3. e3 Nc6 4. c3 Bf5 5. Nf3 Qb6 6. Qb3 c4 7. Qxb6 axb6 8. Na3
Nf6 9. Nb5 Kd7 10. Be2 Bc2 11. O-O Ba4 12. Nc7 Ra5 13. b3 cxb3 14. axb3 Bxb3
15. Rab1 Bc2 16. Rxb6 e5 17. Nxe5+ Kxc7 18. Rb2 Bf5 19. Nxf7+ Kc8 20. Nxh8 Be6
21. Bd3 g6 22. Rfb1 Nd8 23. f3 Bg7 24. Nxg6 hxg6 25. Bxg6 Ra6 26. h4 Rc6 27.
Rb3 Bd7 28. h5 Be8 29. Bxe8 Nxe8 30. g4 Nf6 31. Kg2 Kd7 32. Rxb7+ Nxb7 33.
Rxb7+ 1-0

[Event "Hull 4NCL International"]
[Site "Hull"]
[Date "2021.10.23"]
[Round "3.28"]
[White "Ilett, Raymond J"]
[Black "Liu, Jack"]
[Result "1/2-1/2"]
[WhiteElo "1938"]
[BlackElo "1810"]
[PlyCount "41"]
[EventDate "2021.10.22"]

1. d4 Nf6 2. c4 g6 3. Nc3 d5 4. Nf3 Bg7 5. Bf4 O-O 6. e3 c6 7. Be2 dxc4 8. Bxc4
Nbd7 9. O-O Nb6 10. Be2 Nfd5 11. Be5 Bg4 12. Bxg7 Kxg7 13. Ne5 Bxe2 14. Qxe2
Nd7 15. Nxd5 cxd5 16. Nxd7 Qxd7 17. Rfc1 Rfc8 18. h3 Rc6 19. Rc3 Rxc3 20. bxc3
Rc8 21. Rc1 1/2-1/2

[Event "Hull 4NCL International"]
[Site "Hull"]
[Date "2021.10.23"]
[Round "3.29"]
[White "Bettley, Andrew D"]
[Black "Dasgupta, Avyukt"]
[Result "0-1"]
[WhiteElo "1852"]
[BlackElo "1777"]
[PlyCount "96"]
[EventDate "2021.10.22"]

1. e4 e6 2. d4 d5 3. exd5 exd5 4. Nf3 Bd6 5. Bd3 Nf6 6. O-O O-O 7. Nc3 Bg4 8.
Bg5 c6 9. h3 Bh5 10. g4 Bg6 11. Ne5 Nbd7 12. Nxd7 Qxd7 13. Bxf6 gxf6 14. Qf3
Kg7 15. Ne2 Rae8 16. Ng3 Bxg3 17. fxg3 Re6 18. Rae1 Qe7 19. Rxe6 fxe6 20. c3 e5
21. Bf5 e4 22. Qe3 Rg8 23. Rf2 h6 24. Kg2 Kh7 25. Rf4 Bxf5 26. gxf5 Rg5 27. g4
b5 28. b3 Qa3 29. Qd2 Rg7 30. Rf2 Qa5 31. Re2 Qc7 32. Kf1 Qg3 33. Qe3 Qxe3 34.
Rxe3 h5 35. Rg3 Kh6 36. Ke2 h4 37. Rg2 Kg5 38. Ke3 Rb7 39. Rf2 a5 40. Rc2 Rc7
41. Rf2 b4 42. c4 a4 43. Rb2 a3 44. Rc2 c5 45. dxc5 Rxc5 46. Kd4 Rc7 47. Rf2
dxc4 48. bxc4 e3 0-1